000
00270nam a22001217a 4500
999
_c
163308
_d
163308
082
_a
_b
100
_a
Indira S
245
_a
Indian doctrine of trusteeship/
_c
by Indira S.
260
_a
New Delhi:
_b
Discovery,
_c
1991.
300
_a
179p.
650
_a
942
_c
BK